000 00665nam a2200241Ia 4500
003 OSt
005 20220918201152.0
006 a|||||r|||| 00| 0
007 ta
008 220917b |||||||| |||| 00| 0 eng d
024 _a92,127
037 _cTextual
040 _aARTS
_cARTS
_beng
041 _2eng
_aeng
082 _aV1:19(zT).M9, M2
100 _aBurt Richard Ed
245 0 _aArms control and defence postures in the 1980s
260 _aBoulder
_bWestview Press
_c1982
300 _ax, 230p
_ccm.
650 _aARMS CONTROL; WORLD HISTORY
942 _hV1:19(zT).M9, M2
_cTEXL
_2CC
999 _c215781
_d215781